| 000 | 00914pam a22002891 4500 | ||
|---|---|---|---|
| 999 |
_c982 _d982 |
||
| 001 | 3141538 | ||
| 003 | GZU | ||
| 005 | 20200918091550.0 | ||
| 008 | 730725t19731966nyu b 001 0 eng | ||
| 010 | _a 73012696 | ||
| 020 | _a0582300940 | ||
| 040 |
_aDLC _cDLC _dDLC |
||
| 050 | 1 | 0 |
_aGB 400 _bDEE 1966 |
| 082 | 0 | 0 | _a549.6 |
| 100 | 1 |
_aDeer, W. A. _q(William Alexander) |
|
| 245 | 1 | 3 |
_aAn introduction to the rock-forming minerals _c[by] W. A. Deer, R. A. Howie [and] J. Zussman. |
| 260 |
_aNew York, _bWiley _c[1973, c1966] |
||
| 300 | _a696p. | ||
| 500 | _aCataloging based on CIP information. | ||
| 500 | _a"A Halsted Press book." | ||
| 504 | _aIncludes bibliographies. | ||
| 650 | 0 | _aRock-forming minerals. | |
| 700 | 1 |
_aHowie, R. A. _q(Robert Andrew), _ejoint author. |
|
| 700 | 1 |
_aZussman, J., _ejoint author. |
|
| 906 |
_a7 _bcbc _corignew _d1 _eocip _f19 _gy-gencatlg |
||
| 942 |
_2lcc _cBK _h400 _iDEE _k1966 |
||